000 01534nam a2200325 a 4500
001 000026730
003 DO-SdBNP
005 20251022113403.0
007 ta
008 110324s1996 dr 001 0 spa d
020 _a8489401101
040 _aDO-SdBNP
_bspa
_cBNPHU
082 4 _a338.9729
_bS471h
_222
111 1 _aSeminario Internacional "Hacia una Agenda Sociopolítica de la Integración en el Caribe"
_d(1995 :
_cSanto Domingo)
_953843
245 1 0 _aHacia una agenda sociopolítica de la integración en el Caribe :
_bconclusiones y recomendaciones = Towards a sociopolitical agenda for caribbean integration : conclusions and recomendations /
_ccoordinación Alejandra Liriano, Lilian Bobea.
246 1 0 _aTowards a sociopolitical agenda for caribbean integration :
_bconclusions and recomendations
260 _aSanto Domingo :
_bFLASCO,
_c1996.
300 _a114 p. ;
_c23 cm.
590 _aInventariado, 2018/BT
650 4 _aGeopolítica
_918428
651 0 _aCaribe (Región)
_xIntegración económica
_xCongresos, conferencias, etc.
_987401
651 0 _aCaribe (Región)
_xCondiciones económicas
_xCongresos, conferencias, etc.
_987401
651 0 _aCaribe (Región)
_xPolítica ambiental
_xCongresos, conferencias, etc.
_987401
651 4 _aCaribe (Región)
_xPolítica y gobierno
_987401
700 1 _aLiriano, Alejandro
_949040
700 1 _aBobea, Lilian
_911661
710 2 _aFLACSO (Organización).
_bPrograma República Dominicana
_971393
910 _aValidado. Control de calidad. EMS
942 _2ddc
_cLBS1
999 _c26222
_d26222